| 000 | 00509nam a22001697a 4500 | ||
|---|---|---|---|
| 999 |
_c40667 _d40667 |
||
| 003 | OSt | ||
| 005 | 20200606120105.0 | ||
| 008 | 191026b ||||| |||| 00| 0 eng d | ||
| 020 | _a9789381455005 | ||
| 040 | _cMESKC library | ||
| 082 |
_a954.035092 _bSHA/V |
||
| 100 |
_aSharma,Surendra _970 |
||
| 245 |
_aVinoba Bhave Budan Yagya Prenta/ _cSurendra Sharma |
||
| 260 |
_aJaipur: _bSonu Publications, _c2011 |
||
| 300 | _a158p | ||
| 942 |
_2ddc _cBK _h954.035092 _iSHA/V _k954.035092 _mSHA/V |
||